|
|
|
|
| LEADER |
00000nam0a2200000 4500 |
| 001 |
682537 |
| 005 |
20251024115326.0 |
| 035 |
|
|
|a (RuTPU)RU\TPU\book\59756
|
| 090 |
|
|
|a 682537
|
| 100 |
|
|
|a 20251024d1977 k||y0rusy50 ca
|
| 101 |
0 |
|
|a rus
|
| 102 |
|
|
|a RU
|
| 105 |
|
|
|a a z 001yy
|
| 181 |
|
0 |
|a i
|b e
|
| 182 |
|
0 |
|a n
|
| 183 |
|
0 |
|a nc
|2 RDAcarrier
|
| 200 |
1 |
|
|a Техника автоматического регулирования в системах вентиляции и кондиционирования воздуха
|f Ю. С. Давыдов, С. В. Нефелов
|
| 203 |
|
|
|a Текст
|b визуальный
|c непосредственный
|
| 210 |
|
|
|a Москва
|c Стройиздат
|d 1977
|
| 215 |
|
|
|a 216 с.
|c ил.
|
| 283 |
|
|
|a volume
|2 RDAcarrier
|
| 320 |
|
|
|a Список литературы: с. 214-215
|
| 606 |
|
|
|a Кондиционирование воздуха
|x Автоматическое регулирование
|9 41597
|
| 610 |
1 |
|
|a системы вентиляции
|
| 610 |
1 |
|
|a вентиляция
|
| 610 |
1 |
|
|a автоматизация
|
| 610 |
1 |
|
|a теоретические основы
|
| 610 |
1 |
|
|a приборы
|
| 610 |
1 |
|
|a регулирующие органы
|
| 610 |
1 |
|
|a исполнительные механизмы
|
| 610 |
1 |
|
|a центральные кондиционеры
|
| 610 |
1 |
|
|a местные кондиционеры
|
| 610 |
1 |
|
|a надежность
|
| 610 |
1 |
|
|a технико-экономическая эффективность
|
| 675 |
|
|
|a 697.94
|v 4
|
| 700 |
|
1 |
|a Давыдов
|b Ю. С.
|g Юрий Сергеевич
|
| 701 |
|
1 |
|a Нефелов
|b С. В.
|g Сергей Васильевич
|
| 801 |
|
0 |
|a RU
|b 63413507
|c 20251024
|
| 830 |
|
|
|a Ретро2025Каталогизация Шило
|
| 942 |
|
|
|c BK
|